Jesenné infekcie sú najnebezpečnejšie oziminy si vyžadujú strategický postup pri ochrane proti vírusovým chorobám

Bibliographic Details
Main Authors: (r) (Author), Filkorn, Pavel (Author)
Format: Article
Language:Slovak
ISSN:0231-6617
Subjects:

MARC

LEADER 00000nab a2200000 a 4500
001 vtls000809688
003 SK-MaSNL
005 20260303202704.0
008 180207c2002 xo 0 slo
015 |a SNBRB2002/10-32031 
035 |a CLN000161343 
040 |a SNKBUCL  |b slo  |c SNKBUCL  |e AACR2 
041 0 |a slo 
044 |a xo  |c SK 
080 |a 633.1"324":632.38  |2 UDC-MRF-SK2 
080 |a 632.38  |2 UDC-MRF-SK2 
100 0 |a (r)  |4 aut  |9 636179 
245 1 0 |a Jesenné infekcie sú najnebezpečnejšie  |b oziminy si vyžadujú strategický postup pri ochrane proti vírusovým chorobám  |c [autor] (r) 
650 0 7 |a ozimné obilniny  |2 snkbucl  |9 58554 
650 0 7 |a choroby vírusové  |x detekcia  |x prevencia  |x obilniny  |2 snkbucl  |9 1234601 
655 7 |a články z novín a časopisov  |2 snkbucl  |9 267496 
700 1 |a Filkorn, Pavel  |4 aut  |9 6850 
773 0 |x 0231-6617  |t Roľnícke noviny  |g Č. 173 (9.9.2002) 
773 0 |x 0231-6617  |t [Príl.] Agrárna samospráva  |g S. 2 
850 |a Slovenská národná knižnica v Martine 
852 |a SNK  |b KIS3GCP 
958 |a RBX 
999 |c 2181187  |d 2183117